[Event "AUTO-ADV-3660"]
[Site "http://www.queenalice.com/game.php?id=1428298"]
[Date "2016.6.20"]
[Round "1"]
[White "bouley"]
[Black "Black_bishop"]
[Result "1-0"]
[WhiteElo "2013"]
[BlackElo "1606"]

1. e4 c6 2. d4 d5 3. e5 e6 4. Nf3 h6 5. Bd3 c5 6. c3 cxd4 7. cxd4 Bb4+ 8. Bd2
Bxd2+ 9. Qxd2 b6 10. Nc3 Bd7 11. O-O Ne7 12. Rac1 a6 13. a4 Nbc6 14. b3 1-0

[Event "AUTO-ADV-3660"]
[Site "http://www.queenalice.com/game.php?id=1428299"]
[Date "2016.6.20"]
[Round "1"]
[White "Black_bishop"]
[Black "bouley"]
[Result "0-1"]
[WhiteElo "1604"]
[BlackElo "2015"]

1. d4 Nf6 2. Nf3 e6 3. e3 Nc6 4. Bb5 Be7 5. Bxc6 bxc6 6. O-O c5 7. Nc3 O-O 8. h3
c6 9. dxc5 Bxc5 10. a3 a5 11. Bd2 d5 12. Ne2 Ne4 13. Ng3 Nxg3 0-1

[Event "AUTO-ADV-3556"]
[Site "http://www.queenalice.com/game.php?id=1428321"]
[Date "2016.6.20"]
[Round "2"]
[White "rmvwoods"]
[Black "Black_bishop"]
[Result "1-0"]
[WhiteElo "2117"]
[BlackElo "1695"]

1. d4 d5 2. c4 e6 3. Nf3 Bb4+ 4. Bd2 Bxd2+ 5. Nbxd2 Nf6 6. e3 Nc6 7. a3 h6 8.
cxd5 Nxd5 9. Bb5 Bd7 10. O-O a6 11. Bxc6 Bxc6 12. Ne5 O-O 13. Qc2 Bb5 14. Rfc1
Nb6 15. Qxc7 Qxc7 16. Rxc7 Nd5 17. Rxb7 Rac8 18. Nd7 Bxd7 19. Rxd7 Rc2 20. Ne4
Rxb2 21. Ra7 1-0

[Event "AUTO-ADV-3556"]
[Site "http://www.queenalice.com/game.php?id=1428322"]
[Date "2016.6.20"]
[Round "2"]
[White "Black_bishop"]
[Black "rmvwoods"]
[Result "0-1"]
[WhiteElo "1697"]
[BlackElo "2116"]

1. d4 d5 2. Nf3 c5 3. e3 Nf6 4. Bb5+ Bd7 5. Bxd7+ Nbxd7 6. c3 e6 7. a3 cxd4 8.
cxd4 Bd6 9. h3 O-O 10. Nc3 Rc8 11. O-O Qb6 12. Qd3 h6 13. Qb5 Qc6 14. Qxc6 Rxc6
15. Bd2 Rfc8 16. Nb5 Bb8 17. a4 Ne4 18. Bc3 a6 19. Na3 Nxc3 20. bxc3 Rxc3 0-1

[Event "AUTO-OPEN-3669"]
[Site "http://www.queenalice.com/game.php?id=1428483"]
[Date "2016.6.21"]
[Round "1"]
[White "Black_bishop"]
[Black "Huevo"]
[Result "0-1"]
[WhiteElo "1724"]
[BlackElo "1921"]

1. e4 e5 2. Nf3 Nc6 3. d4 exd4 4. Nxd4 d6 5. Nxc6 bxc6 6. Nc3 Be7 7. b3 Nf6 8.
Bb2 Be6 9. h3 O-O 10. Bd3 a5 11. O-O d5 12. exd5 cxd5 13. Ne2 a4 14. Bxf6 Bxf6
15. Rb1 c5 16. c4 d4 17. Ng3 Qc7 18. Ne4 Be7 19. f4 Bf5 20. g4 Bxe4 21. Bxe4 Ra6
22. Bd5 Rf6 23. Qf3 Bd6 24. f5 g6 25. bxa4 Rb8 26. Rxb8+ Qxb8 27. Qb3 Qb4 28.
Qxb4 cxb4 29. fxg6 Rxf1+ 30. Kxf1 hxg6 31. Ke2 Kg7 0-1

[Event "AUTO-OPEN-3669"]
[Site "http://www.queenalice.com/game.php?id=1428484"]
[Date "2016.6.21"]
[Round "1"]
[White "Huevo"]
[Black "Black_bishop"]
[Result "1-0"]
[WhiteElo "1929"]
[BlackElo "1716"]

1. e4 c6 2. d4 d5 3. e5 e6 4. f4 c5 5. c3 cxd4 6. Qxd4 b6 7. Bb5+ Bd7 8. Bxd7+
Qxd7 9. Be3 Bc5 10. Qd3 a6 11. Nf3 Nc6 12. Nbd2 Bxe3 13. Qxe3 b5 14. Nb3 Nge7
15. Nfd4 Nxd4 16. Qxd4 O-O 17. O-O Nf5 18. Nc5 Qc6 19. Qf2 Rfd8 20. g4 Nh6 21.
h3 g6 22. Rac1 Kg7 23. Kh2 Ng8 24. Rfd1 Ne7 25. Kg3 a5 26. Qd4 Rac8 27. Nd3 h6
28. Rd2 Rd7 29. Rdc2 Qc4 30. b3 Qxd4 31. cxd4 1-0

[Event "AUTO-OPEN-3669"]
[Site "http://www.queenalice.com/game.php?id=1428485"]
[Date "2016.6.21"]
[Round "1"]
[White "Black_bishop"]
[Black "LuisGabriel_HD"]
[Result "0-1"]
[WhiteElo "1773"]
[BlackElo "2044"]

1. b3 e5 2. Bb2 Nc6 3. e4 Nf6 4. d3 d5 5. Nd2 d4 6. h3 Bb4 7. Nf3 O-O 8. a3 Bc3
9. Bxc3 dxc3 10. Nc4 Nd4 11. Nxd4 exd4 12. Be2 Re8 13. O-O Qe7 14. e5 Nd5 0-1

[Event "AUTO-OPEN-3669"]
[Site "http://www.queenalice.com/game.php?id=1428486"]
[Date "2016.6.21"]
[Round "1"]
[White "LuisGabriel_HD"]
[Black "Black_bishop"]
[Result "1-0"]
[WhiteElo "2049"]
[BlackElo "1768"]

1. e4 c6 2. d4 d5 3. e5 e6 4. Nf3 h6 5. a3 c5 6. dxc5 Bxc5 7. Nc3 a6 8. Bd3 Ne7
9. O-O b5 10. b4 Bb6 11. a4 Bb7 12. axb5 axb5 13. Bxb5+ Nd7 14. Rxa8 1-0

[Event "AUTO-OPEN-3669"]
[Site "http://www.queenalice.com/game.php?id=1428487"]
[Date "2016.6.21"]
[Round "1"]
[White "Black_bishop"]
[Black "Aspayne"]
[Result "0-1"]
[WhiteElo "1928"]
[BlackElo "2127"]

1. d4 Nf6 2. Nf3 e6 3. Bg5 Be7 4. Bxf6 Bxf6 5. e3 b6 6. c4 Bb7 7. Nc3 Qe7 8. a3
O-O 9. Be2 c5 10. O-O d6 11. Rb1 Nd7 12. h3 d5 13. cxd5 cxd4 14. Nxd4 exd5 15.
Bf3 Nc5 0-1

[Event "AUTO-OPEN-3669"]
[Site "http://www.queenalice.com/game.php?id=1428488"]
[Date "2016.6.21"]
[Round "1"]
[White "Aspayne"]
[Black "Black_bishop"]
[Result "1-0"]
[WhiteElo "2120"]
[BlackElo "1937"]

1. e4 c6 2. d4 d5 3. Nd2 e6 4. Ngf3 h6 5. Bd3 c5 6. c3 cxd4 7. Nxd4 dxe4 8. Bxe4
Nf6 9. Bf3 Bc5 10. N2b3 Bxd4 11. Nxd4 O-O 12. Qb3 Nd5 13. O-O Nc6 14. Nxc6 bxc6
15. Bd2 Bd7 16. c4 1-0

[Event "AUTO-ADV-3627"]
[Site "http://www.queenalice.com/game.php?id=1429388"]
[Date "2016.6.28"]
[Round "2"]
[White "TITAN10"]
[Black "Black_bishop"]
[Result "1-0"]
[WhiteElo "1929"]
[BlackElo "1740"]

1. e4 c6 2. d4 d5 3. exd5 cxd5 4. Bd3 e6 5. Ne2 h6 6. c3 Nf6 7. O-O Bd6 8. Bf4
Bxf4 9. Nxf4 O-O 10. f3 b6 11. Nd2 Ba6 12. Bxa6 1-0

[Event "AUTO-ADV-3627"]
[Site "http://www.queenalice.com/game.php?id=1429389"]
[Date "2016.6.28"]
[Round "2"]
[White "Black_bishop"]
[Black "TITAN10"]
[Result "0-1"]
[WhiteElo "1732"]
[BlackElo "1937"]

1. e4 c5 2. Nf3 Nc6 3. d4 cxd4 4. Nxd4 d6 5. Bb5 Qc7 6. Bxc6+ bxc6 7. O-O e5 8.
Nf3 Bg4 9. h3 Bh5 10. Nc3 Be7 11. g4 Bg6 0-1

[Event "AUTO-ADV-3627"]
[Site "http://www.queenalice.com/game.php?id=1429392"]
[Date "2016.6.28"]
[Round "2"]
[White "Varela27"]
[Black "Black_bishop"]
[Result "1-0"]
[WhiteElo "2108"]
[BlackElo "1975"]

1. c4 e5 2. e4 Nf6 3. d3 Bc5 4. Nc3 h6 5. g3 Nc6 6. a3 Nd4 7. b4 Be7 8. Be3 c5
9. bxc5 Bxc5 10. Bg2 a6 11. Nf3 Nxf3+ 12. Qxf3 Bxe3 13. Qxe3 Qa5 14. Qd2 d6 15.
Nd5 Nxd5 16. Qxa5 1-0

[Event "AUTO-ADV-3627"]
[Site "http://www.queenalice.com/game.php?id=1429393"]
[Date "2016.6.28"]
[Round "2"]
[White "Black_bishop"]
[Black "Varela27"]
[Result "0-1"]
[WhiteElo "1986"]
[BlackElo "2099"]

1. d4 Nf6 2. Nf3 g6 3. e3 d5 4. c4 Bg7 5. cxd5 Nxd5 6. Bc4 O-O 7. Bxd5 Qxd5 8.
Nc3 Qh5 9. O-O Bg4 10. h3 Bxf3 11. Qxf3 Qxf3 12. gxf3 Nd7 13. b4 e5 14. dxe5
Nxe5 15. Rb1 Nxf3+ 0-1

[Event "AUTO-ADV-3627"]
[Site "http://www.queenalice.com/game.php?id=1429394"]
[Date "2016.6.28"]
[Round "2"]
[White "APSHOOTER"]
[Black "Black_bishop"]
[Result "1-0"]
[WhiteElo "1764"]
[BlackElo "1848"]

1. e4 c6 2. Nc3 d5 3. e5 e6 4. d4 Bb4 5. Bd2 Bxc3 6. Bxc3 Ne7 7. Bd3 Nd7 8. Nf3
h6 9. Qd2 a6 10. O-O O-O 11. Qe3 b5 12. Bb4 a5 13. Bc5 1-0

[Event "AUTO-ADV-3627"]
[Site "http://www.queenalice.com/game.php?id=1429395"]
[Date "2016.6.28"]
[Round "2"]
[White "Black_bishop"]
[Black "APSHOOTER"]
[Result "0-1"]
[WhiteElo "1869"]
[BlackElo "1743"]

1. e4 e5 2. Nf3 d6 3. d4 Bg4 4. dxe5 Bxf3 5. Qxf3 dxe5 6. Nc3 a6 7. Bc4 Nf6 8.
Bg5 Be7 9. Bxf6 Bxf6 10. Rd1 Qe7 11. a3 Nc6 12. Nd5 Nd4 13. Rxd4 exd4 0-1